O Castelo dos Vendavais (Registo nº 1988)
[ vista simples ]
| 000 -Etiqueta do registo | |
|---|---|
| Cabeçalho | 00902nam a22003011 4500 |
| 005 - Identificador da versão | |
| Campo de controlo | 20240813121921.0 |
| 095 ## - | |
| -- | PTBN00442253 |
| 021 ## - Número do Depósito Legal | |
| Código do país | PT |
| 100 ## - Dados gerais de processamento | |
| Dados gerais de processamento | 20070621d1972 am y0pory5003 ba |
| 102 ## - Pais de publicação ou produção | |
| País de publicação | Portugal |
| 101 1# - Língua de publicação | |
| Língua do texto, banda sonora, etc. | Português |
| Língua do documento no original | Francês |
| 106 ## - Campo de dados codificados: material textual | |
| Dados codificados do material textual | r |
| 105 ## - Campo de dados codificados: livros | |
| Dados codificados dos livros | a z 000ay |
| 215 ## - Descrição física | |
| Indicação específica da natureza do documento e extensão da espécie | 205, [3] p. |
| Outras indicações físicas | il. |
| Dimensões | 21 cm |
| 200 1# - Titulo e menção de responsabilidade | |
| Título próprio | O Castelo dos Vendavais |
| Informação de outro título | crónicas da terra perdida |
| Primeira menção de responsabilidade | Jean-Louis Foncine |
| Outras menções de responsabilidade | trad. Maria Guerne, il. Pierre Joubert |
| 225 2# - Colecção | |
| Título próprio da colecção | Safari |
| Informação de outro título da colecção | aventura |
| Indicação de volume | 5 |
| 210 ## - Publicação, Distribuição, etc. | |
| Lugar da edição, distribuição, etc. | Lisboa |
| Nome do editor, distribuidor, etc. | Verbo |
| Data da publicação, distribuição, etc. | imp. 1972 |
| 606 ## - Nome comum usado como assunto | |
| Número de registo de entrada de autoridade | 0000479 |
| Palavra de ordem | Literatura estrangeira juvenil |
| Subdivisão de assunto | Romance de aventuras |
| 675 ## - Classificação Decimal Universal (CDU) | |
| Notação | 82-311.3 |
| Edição | 2ª |
| Língua da edição | por |
| 702 #1 - Nome de autor-pessoa física (responsabilidade secundária) | |
| Número de registo de entrada de autoridade | 0000666 |
| Palavra de ordem | Guerne |
| Outra parte do nome não tomada para palavra de ordem | Maria |
| Código de função | Tradutor |
| Número de registo de entrada de autoridade | 0000623 |
| Palavra de ordem | Joubert |
| Outra parte do nome não tomada para palavra de ordem | Pierre |
| Código de função | Ilustrador / Técnico de desenho computorizado |
| 700 #1 - Nome de autor-pessoa física (responsabilidade principal) | |
| Número de registo de entrada de autoridade | 0000665 |
| Palavra de ordem | Foncine |
| Outra parte do nome não tomada para palavra de ordem | Jean-Louis |
| 942 ## - Elementos de entrada adicionados (Koha) | |
| Tipo de item no Koha | Livro |
| Situação do levantamento | Origin of item (home branch) (coded) | Biblioteca de empréstimo | Código de barras | Cota | Circulation type (not for loan) | Tipo de documento | Nota do exemplar | Damaged status |
|---|---|---|---|---|---|---|---|---|
| Biblioteca Escolar da Coca Maravilhas | Biblioteca Escolar da Coca Maravilhas | BECM2599/94 | 8EST FON | Livro | Sem mensagem |
